| 000 | 00521nam a2200217Ia 4500 | ||
|---|---|---|---|
| 003 | 0100 | ||
| 008 | 130303s9999 xx 000 0 und d | ||
| 020 | _a0826468039 | ||
| 040 | _cARRUPELIB | ||
| 050 | _aB2430.B4L42 2003 | ||
| 100 | _aLawlor, Leonard | ||
| 245 | 4 | _aThe challenge of Bergsonism | |
| 245 | _bphenomenology, ontology, ethics | ||
| 260 | _aLondon | ||
| 260 | _bContinuum | ||
| 260 | _C2003 | ||
| 300 | _a154p. | ||
| 300 | _b 24cm. | ||
| 650 | _bKoran--Relation to the Bible | ||
| 942 |
_2lcc _02 |
||
| 999 |
_c64928 _d64928 |
||